New and speciality fibers (Record no. 28257)

MARC details
000 -LEADER
fixed length control field 00368nam a2200145Ia 4500
082 ## - DEWEY DECIMAL CLASSIFICATION NUMBER
Classification number 678.6
Item number ECO
245 #0 - TITLE STATEMENT
Title New and speciality fibers
260 ## - PUBLICATION, DISTRIBUTION, ETC. (IMPRINT)
Place of publication New York
Name of publisher John Wiley
Year of publication 1976
650 ## - SUBJECT ADDED ENTRY--TOPICAL TERM
Topical Term Carbon fibers
650 ## - SUBJECT ADDED ENTRY--TOPICAL TERM
Topical Term Reinforcing fibers
650 ## - SUBJECT ADDED ENTRY--TOPICAL TERM
Topical Term Synthetic fibers
700 ## - ADDED ENTRY--PERSONAL NAME
Personal name Economy, James
942 ## - ADDED ENTRY ELEMENTS (KOHA)
Koha item type Books
Holdings
Withdrawn status Lost status Damaged status Not for loan Home library Current library Date acquired Cost, normal purchase price Full call number Accession Number Koha item type
        RRII Library RRII Library 16/12/2021 16.75 678.6 ECO 08863 Books